Biografía del general Antonio Nariño (Registro nro. 300845)

Detalles MARC
000 -ENCABEZADO
Número de control [NR] 01716nam a22002297a 4500
005 - FECHA Y HORA DE LA ÚLTIMA TRANSACCIÓN
control field 20190611092214.0
008 - DE LONGITUD FIJA DE DATOS DE ELEMENTOS - INFORMACIÓN GENERAL
Elementos de longitud fija [NR] 150818s1910 ck ||||fr|||| 001 0 spa d
040 ## - FUENTE DE CATALOGACION [NR]
Quien Cataloga Sandra Yazo
Quien Clasifica Sandra Yazo
041 0# - CODIGO DE IDIOMA [R]
Código de idioma para texto/pista de sonido o título separado [R] Español
082 04 - NUMERO DE CLASIFICACION DECIMAL DEWEY [R]
Número de la edición [NR] 20
Número de clasificación [R] 923.2
092 ## - SIGNATURA TOPOGRAFICA LOCAL
Número de clasificación local E36N108
100 1# - ASIENTO PRINCIPAL--NOMBRE PERSONAL [NR]
Nombre personal [NR] Acosta de Samper, Soledad
Fechas asociadas con el nombre [NR] 1833-1913
ID Autoridad 91565
245 10 - MENCION DE TITULO [NR]
Título [NR] Biografía del general Antonio Nariño
Mención de responsabilidad, etc. [NR] por Soledad Acosta de Samper
260 ## - PUBLICACION, DISTRIBUCION, ETC. (PIE DE IMPRENTA) [R]
Lugar de publicación, distribución, etc. [R] Pasto (Colombia)
Nombre del editor, distribuidor, etc. [R] Imprenta del departamento
Fecha de publicación, distribución, etc. [R] 1910
300 ## - DESCRIPCION FISICA [R]
Extensión [R] iii - viii, 220 página
Dimensiones [R] 27 x 19 cm
500 ## - NOTA GENERAL [R]
Nota general [NR] Detalles físicos: Ejemplar con intervención, estauración por John Jairo Martínez (Junio 7 de 2019). Actualmente encuadernación rígida en cartón forrado (holandesa) en papel, lomo en cuero con tejuelos y adornos en dorado. Guardas y hoa de cortesía. Se conserva parte de la portada, con nota de donación por la autora. Texto impreso en una sola columna, notas al pie de página. cenefas. Varias intervenciones en el papel en faltantes de esquinas, al final de la obra. Ejemplar en buen estado de conservación
505 2# - NOTA DE CONTENIDO CON FORMATO PREESTABLECIDO [R]
Nota de contenido con formato preestablecido [NR] Acuerdo número 19 de 1907 ; Exordio ; Santafé de Bogotá en la última década del siglo XVIII ; Don Antonio Nariño y su círculo literario ; La publicación de los derechos del hombre y sus consecuencias ; La defensa de don Antonio Nariño ; Nariño en el destierro ; Nariño en Francia e Inglaterra ; El regreso a la patria ; Nariño se presenta al Virrey Mendinueta ; Plan de administración del Nuevo Reino de Granada presentado por Nariño al Gobierno español
506 ## - NOTA DE RESTRICCIONES DE ACCESO [R]
Condiciones de acceso [NR] Consulta en sala
600 14 - ASIENTO SECUNDARIO DE MATERIA - NOMBRE PERSONAL [R]
9 (RLIN) 61792
Nombre personal [NR] Nariño, Antonio
Fechas asociadas con el nombre [NR] 1760-1823
Subdivisión general [R] Biografías
690 ## - ASUNTO AGREGADO LOCAL DE ENTRADA - TÉRMINO TEMÁTICO (OCLC, RLIN)
Acceso temático local Biografías
9 (RLIN) 7343
942 ## - ELEMENTOS DE ENTRADA AGREGADOS (KOHA)
Sistema de clasificación LOCAL
Tipo de ítem principal el descrito en 300a Libro
Edición 1
Clasificación E36N108
Existencias
Suprimido Perdido Sistema de clasificación Dañado No prestable Tipo de ítem específico Ubicación habitual Ubicación actual Localización Fecha de creación Forma de adquisición Costo Total préstamos Signatura topográfica Código de barras Última vez visto Ejemplar Price effective from Tipo de ítem
    LOCAL     Libro archivo Archivo Histórico Archivo Histórico Archivo histórico 18/08/2015 Donación 0.00   E36N108 L005076 18/08/2015 Ej.1 18/08/2015 Libro